| 000 | 00852cam a22002411a 4500 | ||
|---|---|---|---|
| 001 | AUC_OC_488894 | ||
| 003 | OSt | ||
| 005 | 20150408114100.0 | ||
| 008 | 040725s2004 jo a g b 00000 ara c | ||
| 040 |
_aMU _bara _cMB |
||
| 082 | 0 | 4 |
_a512.7 _221 |
| 100 | 1 |
_aالشبول، ياسين أحمد _917477 |
|
| 245 | 1 | 2 |
_aالتقنيات العددية / _cتأليف ياسين أحمد الشبول. |
| 250 | _aط. 1. | ||
| 260 |
_aعمان، الأردن : _bمكتبة المجتمع العربي للنشر والتوزيع، _c2004 |
||
| 300 |
_a446 ص. : _bإيض. ؛ _c24 سم. |
||
| 504 | _aببليوجرافية : ص. 445. | ||
| 590 | _aأسماء. | ||
| 650 | 7 |
_aالأعداد الجبرية _2aucsh _917478 |
|
| 650 | 7 |
_aالتحليل العددي _2aucsh |
|
| 650 | 7 |
_aالأعداد الجبرية _2aucsh _917479 |
|
| 942 |
_2ddc _cBOOK |
||
| 999 |
_c26040 _d260540 |
||